Statistics for Every Dravidian Language

Click here to take the quiz!

General Stats

  • This quiz has been taken 25 times
    (24 since last reset)
  • The average score is 12 of 62

Answer Stats

BranchLocationAnswer% Correct
SouthIndia (Tamil Nadu)Tamil
100%
SouthIndia (Kerala)Malayalam
84%
South-CentralIndia (Telagana/Andhra Pradesh)Telugu
84%
SouthIndia (Karnataka)Kannada
74%
NorthPakistanBrahui
68%
South-CentralIndia (Maharashtra)Gondi
58%
SouthIndia (Karnataka)Tulu
47%
NorthIndia (Jharkhand)Kurukh
37%
SouthIndia (Karnataka)Kodava
26%
SouthIndia (Karnataka)Beary
21%
SouthIndia (Tamil Nadu)Irula
21%
South-CentralIndia (Odisha)Kui
21%
NorthIndia (Jharkhand)Malto
21%
SouthIndia (Karnataka)Paniya
16%
UnclassifiedIndia (Kerala)Allar
11%
SouthIndia (Kerala)Aranadan
11%
SouthIndia (Kerala)Attapady Kurumba
11%
SouthIndia (Karnataka)Badaga
11%
UnclassifiedIndia (Chhattisgarh)Bharia
11%
South-CentralIndia (Andhra Pradesh)Chenchu
11%
CentralIndia (Odisha)Duruwa
11%
SouthIndia (Kerala)Eravallan
11%
SouthIndia (Madhya Pradesh)Holiya
11%
SouthIndia (Lakshadweep)Jeseri
11%
SouthIndia (Kerala)Kadar
11%
SouthIndia (Madhya Pradesh)Kaikadi
11%
SouthIndia (Kerala)Kalanadi
11%
SouthIndia (Kerala)Kanikkaran
11%
South-CentralIndia (Chhattisgarh)Khirwar
11%
CentralIndia (Maharashtra)Kolami
11%
South-CentralIndia (Andhra Pradesh)Konda
11%
SouthIndia (Karnataka)Koraga
11%
SouthIndia (Tamil Nadu)Kota
11%
SouthIndia (Kerala)Kumbaran
11%
SouthIndia (Kerala)Kunduvadi
11%
SouthIndia (Tamil Nadu)Kurumba
11%
South-CentralIndia (Odisha)Kuvi
11%
SouthIndia (Kerala)Mala Malasar
11%
SouthIndia (Tamil Nadu)Malankuravan
11%
SouthIndia (Kerala)Malapandaram
11%
SouthIndia (Kerala)Malasar
11%
South-CentralIndia (Odisha)Manda
11%
SouthIndia (Kerala)Muduga
11%
South-CentralIndia (Chhattisgarh)Muria
11%
SouthIndia (Kerala)Muthuvan
11%
CentralIndia (Maharashtra)Naiki
11%
CentralIndia (Odisha)Ollari
11%
SouthIndia (Kerala)Paliyan
11%
South-CentralIndia (Telagana)Pardhan
11%
UnclassifiedIndia (Andhra Pradesh)Pattapu
11%
South-CentralIndia (Odisha)Pengo
11%
SouthIndia (Tamil Nadu)Sholaga
11%
SouthIndia (Kerala)Thachanadan
11%
SouthIndia (Karnataka)Toda
11%
UnclassifiedIndia (Kerala)Vishavan
11%
SouthIndia (Karnataka)Wayanad Chetti
11%
SouthIndia (Karnataka)Yerukala
11%
SouthIndia (Karnataka)Betta Kurumba
5%
South-CentralIndia (Andhra Pradesh)Koya
5%
SouthIndia (Kerala)Kurichiya
5%
SouthIndia (Kerala)Mullu Kurumba
5%
SouthIndia (Karnataka)Ravula
5%

Score Distribution

Percentile by Number Answered

Percent of People with Each Score

Your Score History

You have not taken this quiz since the last reset